000 00877nmm a2200289 a 4500
001 ocm000785929
003 TR-IsHL
005 20201028143702.0
008 140424s2014 tu eng
007 cr cn
020 _a9781304911193
035 _a785929
_b(N$T)
050 0 4 _aV850
_b.S6 2014
090 0 4 _aV850
_b.S6 2014
100 1 _aSleeman, Charles William
245 1 0 _aTorpedoes and torpedo warfare
_h[electronic resource] /
_cCharles William Sleeman
260 _aİstanbul :
_bE-Kitap Projesi,
_c2014
300 _a307 p.
650 4 _aAskeri Bilimler
650 4 _aMilitary Sciences
650 0 _aTorpidolar
650 0 _aTorpedoes
650 0 _aTorpido gemileri
650 0 _aTorpedo-boats
650 7 _aHISTORY / Military / Naval
_2bisacsh
856 4 0 _uhttp://search.ebscohost.com/login.aspx?direct=true&scope=site&db=e011xww&AN=785929
999 _c9033
_d9033